Marximo vivo: revista de teoría y política internacional

Salvato in:
Dettagli Bibliografici
Natura: Sconosciuto
Lingua:Spanish
Pubblicazione: Sao Paulo: Instituto José Luiz y Rosa Sunderman
Tags: Aggiungi Tag
Nessun Tag, puoi essere il primo ad aggiungerne!!

MARC

LEADER 00000 a2200000 04500
001 36334
003
008 050627s2005 bl spa d
040
090 |a 0004 M392m  
245 |a Marximo vivo: revista de teoría y política internacional  
260 |a Sao Paulo:   |b Instituto José Luiz y Rosa Sunderman  
300 |a 136 p.  
999 |c 12729  |d 12729